000 00727nam a2200241Ia 4500
005 20260430150056.0
008 008 250103s9999 xx 000 0 eng d
037 _aTheses
040 _aCRL
040 _beng
040 _ceng
041 _2eng
041 _aeng
084 _qCRL
100 _aAlnajar Mohammed Hussain Mohammed Musa Au.; Binay Kumar Gu.
_91236379
245 0 _aSynthesis and charaterization of rare earth doped ZnO nanostructures and GO/ZnO hybrids for energy harvesting applications
260 _c2022
300 _a159p.
650 _aPhysics
700 _aUniversity of Delhi. Faculty of Science. Department of Physics & Astrophysics
_9543288
942 _cTH
999 _c1848884
_d1848884